[Event "Peristeri Christmas op"]
[Site "Peristeri"]
[Date "2015.12.26"]
[Round "3.3"]
[White "Tagklis, Ioannis"]
[Black "Grigoriadis, Mihail"]
[Result "0-1"]
[WhiteElo "1478"]
[BlackElo "2228"]
[PlyCount "66"]
[EventDate "2015.12.22"]
[EventType "swiss"]
[EventRounds "7"]
[EventCountry "GRE"]
[SourceTitle "EXT 2024"]
[Source "ChessBase"]
[SourceDate "2023.10.10"]
[SourceVersion "1"]
[SourceVersionDate "2023.10.10"]
[SourceQuality "1"]

1. d4 Nf6 2. Nc3 d5 3. e4 dxe4 4. f3 exf3 5. Nxf3 Bg4 6. h3 Bxf3 7. Qxf3 c6 8. Bd3 g6 9. Be3 Bg7 10. 0-0 0-0 11. Rae1 Nbd7 12. Ne4 Nxe4 13. Bxe4 Nf6 14. c3 Nxe4 15. Qxe4 e6 16. Qg4 Qd5 17. a3 Rae8 18. Bf4 c5 19. dxc5 Qxc5+ 20. Be3 Qc6 21. Qb4 b6 22. Bg5 f6 23. Bh4 Rd8 24. Qb3 Rd5 25. Re2 Kh8 26. Rfe1 e5 27. Bf2 Rfd8 28. Re4 Qd7 29. g4 f5 30. gxf5 gxf5 31. Rh4 Bf6 32. Rh5 Qf7 33. Rxf5 Qg6+ 0-1

[Event "Athens Iraklion op 17th"]
[Site "Athens"]
[Date "2014.06.18"]
[Round "5"]
[White "Nikolaou, Georgios"]
[Black "Tagklis, Ioannis"]
[Result "1-0"]
[WhiteElo "2317"]
[BlackElo "1481"]
[PlyCount "83"]
[EventDate "2014.06.14"]
[EventType "swiss"]
[EventRounds "9"]
[EventCountry "GRE"]
[SourceTitle "EXT 2015"]
[Source "ChessBase"]
[SourceDate "2014.11.20"]
[SourceVersion "1"]
[SourceVersionDate "2014.11.20"]
[SourceQuality "1"]

1. d4 Nf6 2. Nf3 c5 3. g3 d5 4. Bg2 e6 5. 0-0 Nc6 6. c4 cxd4 7. Nxd4 Be7 8. Nc3 0-0 9. cxd5 Nxd5 10. Nxd5 exd5 11. Be3 Nxd4 12. Bxd4 Be6 13. Qb3 Bf6 14. Rfd1 Bxd4 15. Rxd4 Qe7 16. Rad1 Rfe8 17. e3 Red8 18. Qd3 g6 19. a3 Qf6 20. e4 Bg4 21. e5 Qf5 22. Qxf5 Bxf5 23. Bxd5 Kg7 24. g4 Bc8 25. h3 g5 26. Bb3 Rxd4 27. Rxd4 b6 28. Rd8 Bb7 29. Rd7 Be4 30. Rxf7+ Kg6 31. f3 Bb1 32. e6 a5 33. Rd7 Kf6 34. a4 Rb8 35. Bc4 h5 36. gxh5 Bf5 37. Rf7+ Ke5 38. e7 Bd7 39. Rf8 Re8 40. Rxe8 Bxe8 41. h6 Kf6 42. Bb5 1-0